| 000 | 00565nam a2200169Ia 4500 | ||
|---|---|---|---|
| 003 | GCL | ||
| 008 | 140319s9999 xx 000 0 ara d | ||
| 040 |
_aGCL / _cGCL |
||
| 082 | 0 | 4 |
_a241 _bع ا |
| 100 | 1 | _aعبدالحميد كشك | |
| 245 | 1 | 0 |
_aاسماء الله الحسنى: معناها- فضلها - الدعاء بها / _cعبدالحميد كشك |
| 260 |
_a[S.N] : _bالمختار الاسلامى للطبع والنشر والتوزيع ، _c1990 |
||
| 300 | _a207 ص | ||
| 490 | _a | ||
| 650 | 0 | 4 | _aالاسماء الحسنى |
| 942 |
_2ddc _cBK |
||
| 999 |
_c53842 _d53842 |
||